Carlos Roxlo ; estilo y destino de su vida /

Bibliographic Details
Main Author: Cusano, Angel María
Format: Book
Language:English
Published: Montevideo : Editorial Florensa & Lafón, 1950.
Subjects:

MARC

Tag First Indicator Second Indicator Subfields
LEADER 00000cam a2200000 4500
001 in00001219821
005 20180322113728.0
008 740128s1950 xx 000 0 eng u
010 |a a 51003137  
035 |a (OCoLC)00783422 
035 |9 AGR2945AM 
040 |c KSU  |d TXA  |d UtOrBLW 
049 |a TXAM 
050 0 0 |a PQ8519.R7  |b Z6 
090 |a PQ8519.R7  |b Z6 1950 
100 1 |a Cusano, Angel María. 
245 1 0 |a Carlos Roxlo ;  |b estilo y destino de su vida /  |c Conferencia pronunciada en el Instituto Verdi. 
264 1 |a Montevideo :  |b Editorial Florensa & Lafón,  |c 1950. 
300 |a 179 pages :  |b illustrations ;  |c 19 cm. 
336 |a text  |b txt  |2 rdacontent 
337 |a unmediated  |b n  |2 rdamedia 
338 |a volume  |b nc  |2 rdacarrier 
600 1 0 |a Roxlo, Carlos,  |d -1926. 
999 |a MARS 
999 f f |s 9a30b443-2b18-3b6a-af51-f114528da4ea  |i 708b63a3-082e-34af-bad3-9c28dbae10c7  |t 0 
952 f f |p normal  |a Texas A&M University  |b College Station  |c Sterling C. Evans Library  |d Evans: Library Stacks  |t 0  |e PQ8519.R7 Z6 1950  |h Library of Congress classification  |i unmediated -- volume  |m A14819712962 
998 f f |a PQ8519.R7 Z6 1950  |t 0  |l Evans: Library Stacks